000 00350nas a22001337a 4500
999 _c22673
_d22673
003 VITAP
005 20181117143933.0
008 181030b ||||| |||| 00| 0 eng d
022 _a0971-8044
040 _cVITAP
245 _aResonance Journal of Science Education
260 _aBengaluru
_bIndian Academy of Science
_c2018
942 _2ddc
_cJOURNAL
_s1